| 000 | 00847nam a2200217 i 4500 | ||
|---|---|---|---|
| 001 | 18262 | ||
| 003 | ES-MaACL | ||
| 005 | 20241212161052.0 | ||
| 007 | t| | ||
| 008 | 010829s2001 sp ||||1| spa d | ||
| 020 | _a84-95099-32-2 | ||
| 080 | _a929 Palafox y Mendoza, Juan de | ||
| 100 | 1 |
_aBartolomé Martínez, Gregorio. _926174 |
|
| 245 | 1 | 0 |
_aDon Juan de Palafox y Mendoza, obispo de la Puebla de los Angeles y Osma, arzobispo electo de México, virrey y capitán general de Nueva España, &C. / _cGregorio Bartolomé Martínez. |
| 260 |
_aSoria : _bDiputación Provincial, _c[2001] |
||
| 300 |
_a116 p. : _bil. ; _c30 cm. |
||
| 600 | 1 | 4 |
_aPalafox y Mendoza, Juan de, _d1600-1659 _9239354 |
| 710 | 1 |
_aSoria (Provincia). _bDiputación Provincial. _96880 |
|
| 852 |
_aES-MaACL _jL-24924 _bR.129981 |
||
| 999 |
_c18262 _d18262 |
||